| 000 | 00700nam a22001697a 4500 | ||
|---|---|---|---|
| 005 | 20250213101706.0 | ||
| 008 | 250213b |||||||| |||| 00| 0 eng d | ||
| 082 |
_22024 _aUT |
||
| 100 |
_aLabella, Jamaica M. _965193 |
||
| 245 |
_aThe lender of last resort: Understanding the debt Dependency of Hagonoy rice farmers on loan sharks for capitalization / _cJamaica M. Labella, Desirhey D. Lausa, and Fhrencis Jane M. Suetado |
||
| 260 |
_aDigos City : _bUMDC, _c©July 2024. |
||
| 300 |
_aviii, 121 pages : _billustration (some colors) ; _c29 cm. |
||
| 500 | _aIncludes references and appendices. | ||
| 700 |
_aLuasa, desirhey D. _965194 |
||
| 700 |
_aSuetado, Fhrencis Jane M. _965195 |
||
| 942 |
_2ddc _cUT |
||
| 999 |
_c23424 _d23424 |
||